| 000 | 01584nas1a22003011i 4500 | ||
|---|---|---|---|
| 001 | RU\NLR\INFOCOMM31\5000022016 | ||
| 005 | 20240723102203.0 | ||
| 035 | _a(NLR Aleph) 002347869 | ||
| 090 |
_a4503135 _c4503135 |
||
| 100 | _a20041113c1968 |||y0rusy50 ca | ||
| 101 | 0 | _arus | |
| 102 | _aRU | ||
| 110 | _azyuzz 0|y| | ||
| 200 | 1 |
_aСостояние областей измерений _eСерия обзоров _fКом. стандартов, мер и измер. приборов при Совете Министров СССР |
|
| 210 |
_aМ. _d1968-1969 |
||
| 309 | _aОтпеч. множит. аппаратом | ||
| 712 | 0 | 1 |
_aСССР _bКомитет стандартов, мер и измерительных приборов _4570 |
| 801 | 1 |
_aRU _bInfoComm _c20041113 |
|
| 801 | 0 |
_aRU _bNLR _gPSBO |
|
| 852 |
_aNLR _jП52/165 |
||
| 942 | _cSE | ||
| 980 | _aRUSPER | ||